000 00627nam a2200181Ia 4500
008 151018s9999 xx 000 0 und d
082 _bRBASDV414
_a891.463
100 _aचंद्रकांत काकोडकर
245 _aगर्जा जयजयकार
250 _b1
260 _bकुलकर्णी श वा
_c1956
300 _a228
600 _aचंद्रकांत काकोडकर
630 _aगर्जा जयजयकार
700 _aचंद्रकांत काकोडकर
730 _aगर्जा जयजयकार
942 _cBOOK
999 _c1002884
_d1002881